00379cam a2200133 i 4500020003000000082001600030100001900046245004400065300003800109490003200147650002400179650002600203650001600229 a9781119232193 (hardcover)00a610.285 ETC1 aEtchings, Jay,10aStrategies in biomedical data science : axvi, 445 pages :billustrations ;1 aWiley & SAS business series12aMedical Informatics22aComputational Biology22aCybernetics